الجيش المصري وحرب فلسطين : (Record no. 15677)
[ view plain ]
| 000 -الفاتح | |
|---|---|
| حقل البيانات ثابتة الطول | 00833nam a22001817a 4500 |
| 008 - عناصر البيانات ثابتة الطول - معلومات عامة | |
| حقل البيانات ثابتة الطول | 110711s1982 ua|||||r|||| 00| 0 ara d |
| 020 ## - الرقم الدولى المعيارى للكتب | |
| الرقم الدولى المعيارى للكتاب | 9770200239 |
| 082 ## - رقم تصنيف ديوى العشرى | |
| رقم الطبعة | 22 |
| رقم التصنيف | 355.62 |
| رقم المادة | م ح م |
| 100 ## - المدخل الرئيسى - إسم شخصى | |
| 9 (RLIN) | 26271 |
| الإسم الشخصى | محمد، عبد الوهاب بكر |
| 245 ## - بيان العنوان | |
| العنوان | الجيش المصري وحرب فلسطين : |
| بقية العنوان | 1948-1952 / |
| بيان المسئوليه,etc | تأليف عبد الوهاب بكر محمد |
| 260 ## - PUBLICATION, DISTRIBUTION, ETC. (IMPRINT) | |
| مكان الناشر او الموزع | القاهرة : |
| اسم الناشر او الموزع | دار المعارف، 1982 |
| تاريخ النشر أو التوزيع | 1982 |
| 300 ## - الوصف المادى | |
| التعداد | 328 ص ؛ |
| أبعاد الوعاء | 23 سم |
| 504 ## - تبصرة ببليوجرافية | |
| تبصرة ببليوجرافية,الخ | يشتمل على إرجاعات ببليوجرافية ص 319-328 |
| 651 ## - المدخل الاضافى بالموضوع - اسم جغرافى | |
| 9 (RLIN) | 26272 |
| الاسم الجغرافي | مصر |
| التقسيم الفرعي العام | الجيش |
| 653 ## - مصطلح تكشيفى غير مقيد | |
| Resource For college | |
| Arrived date list | July2011 |
| 942 ## - عناصر المدخل الإضافي( كوها) | |
| مصدر التصنيف او مخطط الترفيف | Dewey Decimal Classification |
| Koha [default] item type | Book - Borrowing |
| حالة التراجع | حالة الفقد | مصدر التصنيف او خطة الترفيف | حالة تلف | ليس للاعارة | مجموعات كوها | المكان الدائم | المكان الحالي | موقع الترفيف | تاريخ الاكتساب | Source of acquisition | رقم الاستدعاء | الباركود | Date last seen | مُعار | نوع الوعاء |
|---|---|---|---|---|---|---|---|---|---|---|---|---|---|---|---|
| Dewey Decimal Classification | Alef-Baa | Central Library | Central Library | First floor | 11/07/2011 | 355.62 م ح م | 000024338 | 15/07/2025 | 31/05/2012 | Book - Borrowing |